[Event "GRE-chT Online ED & SA 2nd"]
[Site "Tornelo INT"]
[Date "2022.05.14"]
[Round "4"]
[White "Archontakis, Christos"]
[Black "Chrysidis, Ioannis"]
[Result "1-0"]
[WhiteElo "1470"]
[BlackElo "1344"]
[PlyCount "85"]
[EventDate "2022.05.14"]
[EventType "team-swiss (rapid)"]
[EventRounds "7"]
[EventCountry "GRE"]
[SourceTitle "EXT 2024"]
[Source "ChessBase"]
[SourceDate "2023.10.10"]
[SourceVersion "1"]
[SourceVersionDate "2023.10.10"]
[SourceQuality "1"]

1. d4 e6 2. Bf4 Nf6 3. e3 Be7 4. Nf3 0-0 5. Nbd2 c5 6. c3 d5 7. Bd3 c4 8. Be2 Nh5 9. Be5 f6 10. Bg3 f5 11. Bxb8 Rxb8 12. Ne5 Nf6 13. Ndf3 Ne4 14. 0-0 Bh4 15. g3 Bf6 16. Qc2 b5 17. b3 Bb7 18. a4 a6 19. axb5 axb5 20. Rfb1 h5 21. h4 Bxe5 22. Nxe5 g5 23. Bxh5 gxh4 24. Ng6 Rf7 25. Nxh4 Rg7 26. Kf1 Qg5 27. Bf3 Nxg3+ 28. fxg3 Qxg3 29. Qf2 Qh3+ 30. Ke2 Kf7 31. Rh1 Qg3 32. Qxg3 Rxg3 33. bxc4 bxc4 34. Ra7 Kf6 35. Ng2 e5 36. dxe5+ Kxe5 37. Rb1 Rg7 38. Nf4 Kf6 39. Nxd5+ Bxd5 40. Ra6+ Ke5 41. Rxb8 Bxf3+ 42. Kxf3 Rg1 43. Rb5# 1-0